|
|
|
|
| LEADER |
01458nam a2200397 a 4500 |
| 001 |
nkc20152694803 |
| 003 |
CZ PrNK |
| 005 |
20210618172106.0 |
| 007 |
ta |
| 008 |
150422s2015 xr g 000 f eng |
| 015 |
|
|
|a cnb002694803
|
| 020 |
|
|
|a 978-80-7407-252-9
|q (brož.)
|
| 035 |
|
|
|a (OCoLC)910988898
|
| 040 |
|
|
|a ABA001
|b cze
|
| 041 |
1 |
|
|a eng
|a cze
|h eng
|
| 072 |
|
7 |
|a 821.81/.82
|x Literatury severoamerických Indiánů
|2 Konspekt
|9 25
|
| 080 |
|
|
|a 821.8-34
|2 MRF
|
| 080 |
|
|
|a (0:82-34)
|2 MRF
|
| 080 |
|
|
|a (0.027)=030
|2 MRF
|
| 100 |
1 |
|
|a Compton, Margaret,
|d 1852-1903
|7 xx0193759
|4 aut
|
| 245 |
1 |
0 |
|a American Indian fairy tales =
|b Pohádky amerických indiánů /
|c Margaret Compton ; [přeložila Martina Kollinerová]
|
| 246 |
3 |
1 |
|a Pohádky amerických indiánů
|
| 250 |
|
|
|a Vyd. 1.
|
| 260 |
|
|
|a Praha :
|b Garamond,
|c 2015
|
| 300 |
|
|
|a 205 s. ;
|c 18 cm
|
| 546 |
|
|
|a V anglickém originále se souběžným českým překladem
|
| 655 |
|
7 |
|a indiánské pohádky
|7 fd132453
|2 czenas
|
| 655 |
|
7 |
|a dvojjazyčná vydání
|7 fd194533
|2 czenas
|
| 655 |
|
9 |
|a Indian fairy tales
|2 eczenas
|
| 655 |
|
9 |
|a bilingual editions
|2 eczenas
|
| 910 |
2 |
|
|a BOA001
|b 1-1346.789
|
| 990 |
|
|
|a BK
|
| 995 |
|
|
|a 01
|
| 991 |
|
|
|b 201506
|c NOV
|e b
|
| 996 |
6 |
|
|b 2610633819
|c 1-1346.789
|l MZK
|r Sklad / do 1 hodiny
|n 0
|p p.v.
|w 001506260
|u 000010
|a 1
|e BOA001
|j MZK50
|s P
|
| 996 |
7 |
|
|b 2610635398
|c 1-1346.789
|l MZK
|r Sklad / do 1 hodiny
|n 11
|p kup
|w 001506260
|u 000020
|a 1
|e BOA001
|j MZK50
|s A
|